[Event "Mechanics' Fall TNM; G/2"]
[Site "San Francisco"]
[Date "2015.10.20"]
[Round "1.9"]
[White "Kuczek, Kevin W"]
[Black "Askin, Michael Chr"]
[Result "0-1"]
[WhiteElo "1611"]
[BlackElo "2097"]
[Annotator "Donaldson"]
[PlyCount "80"]
[EventDate "2015.??.??"]

1. e4 c6 2. d4 d5 3. Nc3 dxe4 4. Nxe4 Bf5 5. Ng3 Bg6 6. Nf3 Nd7 7. Bd3 e6 8.
O-O Ngf6 9. c4 Bd6 10. b3 Qc7 11. Bb2 Bxd3 (11... O-O {is the normal move here.
Black isn't afraid of White trading on g6 as after a later break with ...e5
the pawn on g6 denies White's knight on g3 access to f5.}) 12. Qxd3 h5 $2 {
Diagram [#]} ({If Black wanted a more double-edged game a better way to
achieve it was with the immediate} 12... O-O-O) 13. Ne4 ({White could have
exploited the artificial nature of Black's last move with the energetic} 13. d5
$1 cxd5 14. cxd5 Nxd5 (14... exd5 15. Rac1 Qb8 (15... Qb6) 16. Rfe1+ Kf8 17.
Nf5 $16) 15. Rac1 Qa5 16. Bxg7 $16) 13... Nxe4 14. Qxe4 Nf6 15. Qe2 O-O-O 16.
Rfc1 Bf4 17. Rc2 Rh6 $2 (17... h4) 18. g3 $1 Bd6 19. c5 $1 Be7 20. Bc1 $1 Rhh8
21. Bf4 {by a series of fine moves White has achieved a winning position due
to Black's vulnerable king.} Qa5 {Forced as} (21... Qd7 22. Qe5 {
wins on the spot.}) 22. b4 (22. Ne5 $1 Rxd4 (22... Rhf8 23. Nxf7) 23. Nxf7 Re4
24. Qd1 Rf8 25. Nd6+ Bxd6 26. Qxd6 Nd7 27. Rd2 Rf7 28. Rad1 {would have won
with no effective way for Black to vary but the text is also good.}) 22... Qa4
23. Rb2 (23. Ne5 Rxd4 24. Nxf7 Re4 25. Qd3 {was much more forceful.}) 23... Nd5
24. Bd2 (24. Ne5 Nxf4 25. gxf4 {and Black has no good answer to Nxf7.}) 24...
a6 25. Ne5 $1 {
White has found the right plan although it is not quite as dangerous as before.
} Rdf8 (25... Bf6 {was a better try although} 26. Nxf7 Bxd4 27. Bg5 Rdf8 28.
Nxh8 Rxh8 29. Rab1 Bxb2 30. Qxb2 {still leaves White in control.}) 26. Nxf7
Rhg8 27. Qxe6+ Kb8 28. Ne5 Re8 29. Nc4 $2 (29. Qg6 {
was the simple way moving the queen out of danger but}) (29. b5 $1 {
was the pretty road to victory:} axb5 (29... Qxd4 30. Rab1) (29... Bxc5 30.
Nxc6+) 30. Nxc6+) 29... Bxc5 $1 {Now Black is back in the game!} 30. Qf7 Ref8
31. Qd7 $2 (31. Qxg8 Rxg8 32. dxc5 {
with enough compensation for the queen was obligatory.}) 31... Rd8 $2 (31...
Bxd4 $1) 32. Qf7 $2 (32. Qxd8+ Rxd8 33. dxc5) 32... Bxd4 $1 33. Nd6 Rxd6 34.
Qxg8+ Ka7 35. Rab1 Bxb2 36. Rxb2 Qd1+ 37. Kg2 Qg4 (37... Qa1 38. Rc2 Qe5 39.
Kg1 Qe4 40. Rc1 Ne7 {
with a double attack on g8 and d2 could be found only by a computer.}) 38. Qe8
(38. Qh7 {had to be played.}) 38... Re6 $1 39. Qf8 Rf6 40. Be3+ (40. Qc5+ b6
41. Qc1 Qf3+) 40... Nxe3+ 0-1

[Event "Mechanics' Leighton Allen TNM; G/2"]
[Site "San Francisco"]
[Date "2015.08.04"]
[Round "1.6"]
[White "Kuczek, Kevin W"]
[Black "Basak, Aniruddha"]
[Result "0-1"]
[WhiteElo "1611"]
[BlackElo "2165"]
[PlyCount "50"]
[EventDate "2015.??.??"]

1. e4 c5 2. Nc3 g6 3. f4 Bg7 4. Nf3 Nc6 5. a4 e6 6. Bc4 Nge7 7. d3 O-O 8. O-O
d5 9. Bb3 b6 10. Qe1 Bb7 11. Qh4 Nd4 12. f5 exf5 13. exd5 Nxb3 14. cxb3 Nxd5
15. Qc4 Nxc3 16. bxc3 Bd5 17. Qf4 Bxc3 18. Rb1 Bxf3 19. Qxf3 Qd4+ 20. Kh1 Rad8
21. Bh6 Rfe8 22. Rfd1 Qg4 23. Qc6 Qh4 24. Bd2 Bxd2 25. g3 Qh6 0-1

[Event "Mechanics' Fall TNM; G/2"]
[Site "San Francisco"]
[Date "2015.12.01"]
[Round "7.17"]
[White "Kuczek, Kevin W"]
[Black "Grey, Peter G"]
[Result "1-0"]
[WhiteElo "1611"]
[BlackElo "2000"]
[PlyCount "82"]
[EventDate "2015.??.??"]

1. e4 c5 2. Nc3 Nc6 3. f4 g6 4. Nf3 Bg7 5. Bc4 e6 6. d3 Nge7 7. O-O O-O 8. Qe1
d5 9. Bb3 Nd4 10. Nxd4 cxd4 11. Ne2 dxe4 12. dxe4 b6 13. Bd2 d3 14. Nc3 dxc2
15. Bxc2 Ba6 16. Rf3 Nc6 17. Be3 Nd4 18. Bxd4 Qxd4+ 19. Kh1 Rfd8 20. Rd1 Qf6
21. f5 Rxd1 22. Qxd1 Rd8 23. Qe1 Qe5 24. fxe6 fxe6 25. Bb3 Rf8 26. Qd1 Rxf3 27.
Qxf3 Qf6 28. Qxf6 Bxf6 29. Bxe6+ Kf8 30. g3 Ke7 31. Bd5 Kd6 32. Kg2 Kc5 33. Kf3
Bc4 34. Bxc4 Kxc4 35. Kf4 Bd4 36. e5 a6 37. Ke4 b5 38. Nd1 Kc5 39. g4 Bg1 40.
h3 Bh2 41. Ne3 Bg3 {and White soon won.} 1-0

[Event "Mechanics' Leighton Allen TNM; G/2"]
[Site "San Francisco"]
[Date "2015.08.25"]
[Round "4.19"]
[White "Kuczek, Kevin W"]
[Black "Harris, Clarence"]
[Result "1-0"]
[WhiteElo "1611"]
[BlackElo "1425"]
[PlyCount "33"]
[EventDate "2015.??.??"]

1. e4 e5 2. Nf3 Nc6 3. d4 exd4 4. Nxd4 Qh4 5. Nc3 Bb4 6. Ndb5 Ba5 7. Bd3 d6 8.
Bd2 a6 9. Na3 Bb6 10. O-O Nf6 11. Be2 Bg4 12. h3 Bxe2 13. Qxe2 Nd4 14. Qd3 Nh5
15. Nd5 Ng3 16. fxg3 Ne2+ 17. Kh2 1-0

[Event "Mechanics' Fall TNM; G/2"]
[Site "San Francisco"]
[Date "2015.11.03"]
[Round "3.36"]
[White "Kuczek, Kevin W"]
[Black "Olson, David R"]
[Result "1-0"]
[WhiteElo "1611"]
[BlackElo "1400"]
[PlyCount "59"]
[EventDate "2015.??.??"]

1. e4 e5 2. Nf3 d6 3. d4 exd4 4. Nxd4 Nd7 5. Nc3 Ne7 6. Bc4 Ng6 7. O-O Nde5 8.
Be2 Be7 9. Be3 a6 10. f4 Nc6 11. Nxc6 bxc6 12. Qd2 f5 13. Rad1 O-O 14. Bf3 Nh4
15. Be2 Rf6 16. e5 Rg6 17. g3 Bb7 18. Kh1 c5+ 19. Nd5 Bf8 20. gxh4 Qxh4 21. Bf3
dxe5 22. Nf6+ Rxf6 23. Bxb7 Rb8 24. Bd5+ Kh8 25. fxe5 Rh6 26. Bxh6 gxh6 27. b3
Rd8 28. Qg2 Be7 29. Bc4 f4 30. Rxd8+ 1-0

[Event "Mechanics' Leighton Allen TNM; G/2"]
[Site "San Francisco"]
[Date "2015.09.29"]
[Round "9.10"]
[White "Kuczek, Kevin W"]
[Black "Porlares, Teodoro"]
[Result "0-1"]
[WhiteElo "1611"]
[BlackElo "1849"]
[Annotator "Donaldson"]
[PlyCount "74"]
[EventDate "2015.??.??"]

1. e4 c6 2. d4 d5 3. Nc3 dxe4 4. Nxe4 Bf5 5. Ng3 Bg6 6. Nf3 Nd7 7. Bd3 Bxd3 8.
Qxd3 Ngf6 9. O-O e6 10. b3 Be7 11. Bb2 O-O 12. Rad1 Qc7 13. c4 Rfd8 14. Qc3 a5
15. Rd3 Bb4 16. Qc1 Bd6 17. Rfd1 a4 18. Qc3 axb3 19. axb3 Bxg3 20. hxg3 Ne4 21.
Qe1 Ndf6 22. d5 exd5 23. cxd5 cxd5 24. g4 Nxg4 25. Rxd5 Rxd5 26. Rxd5 Ngxf2 27.
Bd4 Qg3 $2 (27... Qc6 {exploiting the rook's lack of good squares.}) 28. Bxf2
$2 ({The cold-blooded} 28. Kf1 $1 {wins material.}) 28... Nxf2 29. Kf1 {
Too late.} Nh1 $1 {The only move but a good one.} 30. Re5 g6 31. Rg5 Ra1 32.
Rxg3 Rxe1+ 33. Kxe1 Nxg3 34. Kd2 f5 35. Ne5 Kf8 36. Nd7+ Ke7 37. Nc5 Ne4+ 0-1

[Event "Mechanics' Leighton Allen TNM; G/2"]
[Site "San Francisco"]
[Date "2015.09.22"]
[Round "8.6"]
[White "Kuczek, Kevin W"]
[Black "Wong, Russell"]
[Result "0-1"]
[WhiteElo "1611"]
[BlackElo "2205"]
[PlyCount "64"]
[EventDate "2015.??.??"]

1. e4 Nf6 2. Nc3 d5 3. exd5 Nxd5 4. Bc4 Nb6 5. Bb3 c5 6. d3 Nc6 7. a3 Bf5 8.
Nf3 e6 9. h3 Be7 10. O-O O-O 11. Bf4 Rc8 12. Qd2 Nd4 13. Nxd4 Qxd4 14. Be3 Qd7
15. Rad1 Rfe8 16. Qe2 Qc6 17. Rfe1 Bf6 18. Bd2 c4 19. dxc4 Nxc4 20. Bxc4 Qxc4
21. Qxc4 Rxc4 22. Be3 Ra8 23. Rd7 b6 24. Red1 h6 25. Rb7 Bxc3 26. bxc3 e5 27.
Rd2 Rxc3 28. g4 Be6 29. a4 Ra3 30. Rd3 Rxa4 31. Rc3 g5 32. f3 Kg7 {
and Black went on to win. Remaining moves unavailable.} 0-1

[Event "Mechanics' Spring TNM; G/2"]
[Site "San Francisco"]
[Date "2015.05.05"]
[Round "8.23"]
[White "LaGrotta, Daniel"]
[Black "Campers, Willie"]
[Result "1-0"]
[WhiteElo "1592"]
[BlackElo "1727"]
[PlyCount "177"]
[EventDate "2015.??.??"]

1. e4 c5 2. c3 Nc6 3. d4 cxd4 4. cxd4 Qb6 5. Nf3 Nf6 6. Nc3 d6 7. h3 g6 8. Bc4
Bg7 9. O-O O-O 10. e5 dxe5 11. dxe5 Nd7 12. e6 Nde5 13. exf7+ Nxf7 14. Ng5 Nce5
15. Bb3 e6 16. Be3 Qa6 17. Nge4 Rd8 18. Qc2 Bd7 19. Nc5 Qc6 20. f4 b6 21. Ba4
Qc8 22. Bxd7 Nxd7 23. Nxe6 Re8 24. Qb3 Nf6 25. Ng5 Qb7 26. Nb5 Rad8 27. Rad1
Nd5 28. Bc1 Nxg5 29. fxg5 Kh8 30. Kh1 a6 31. Nc3 Nxc3 32. Rxd8 Rxd8 33. bxc3
Rd7 34. Ba3 Rd2 35. Rg1 b5 36. Qe6 Qd7 37. Qxa6 Bxc3 38. Qa8+ Qd8 39. Qxd8+
Rxd8 40. Be7 Rd7 41. Rc1 b4 42. Bf6+ Bxf6 43. gxf6 Kg8 44. Rb1 Rb7 45. Rb3 Ra7
46. Rxb4 Rxa2 47. g4 g5 48. Rb7 Rf2 49. Rg7+ Kh8 50. Rxg5 Rxf6 51. Kg2 h6 52.
Rf5 Rb6 53. h4 Kg7 54. Kg3 Kg6 55. Rf3 Rb4 56. Ra3 Kf6 57. Ra6+ Kg7 58. Ra7+
Kg6 59. h5+ Kf6 60. Rh7 Rb3+ 61. Kh4 Rb1 62. Rxh6+ Kg7 63. Rg6+ Kh7 64. Ra6 Rb4
65. Ra3 Kh6 66. Rf3 Rc4 67. Kg3 Kg5 68. Rf5+ Kh6 69. Rf4 Rc5 70. Kh4 Ra5 71.
g5+ Kg7 72. Rb4 Rc5 73. Kg4 Ra5 74. h6+ Kg6 75. Rb6+ Kh7 76. Rf6 Rb5 77. Rf5
Rb1 78. Rf7+ Kg8 79. Rg7+ Kh8 80. Ra7 Rb6 81. Re7 Ra6 82. Kf5 Rb6 83. g6 Rb8
84. Kf6 Rf8+ 85. Kg5 Ra8 86. Re5 Rb8 87. Rf5 Ra8 88. h7 Rb8 89. Kh6 1-0

[Event "Mechanics' Spring TNM; G/2"]
[Site "San Francisco"]
[Date "2015.04.07"]
[Round "4.12"]
[White "LaGrotta, Daniel"]
[Black "Grey, Peter"]
[Result "0-1"]
[WhiteElo "1592"]
[BlackElo "2000"]
[PlyCount "104"]
[EventDate "2015.??.??"]

1. e4 c5 2. c3 Nf6 3. e5 Nd5 4. Nf3 e6 5. d4 cxd4 6. cxd4 d6 7. Bc4 Nc6 8. O-O
Be7 9. Nc3 Nxc3 10. bxc3 dxe5 11. Nxe5 Nxe5 12. dxe5 Qxd1 13. Rxd1 O-O 14. Be3
b6 15. a4 Rd8 16. h3 Bb7 17. f3 Rxd1+ 18. Rxd1 Rd8 19. Rxd8+ Bxd8 20. Kf2 Bc7
21. Bd4 Kf8 22. Ke3 Ke7 23. g3 f6 24. f4 Bc6 25. Bb5 Bd5 26. c4 Bg2 27. h4 Bb7
28. c5 fxe5 29. fxe5 Bd5 30. Bd3 h6 31. Bc2 Kd7 32. cxb6 axb6 33. Bd3 Ke7 34.
h5 Bb3 35. Be2 Bxa4 36. Bf3 Kd7 37. Kd3 Bc6 38. Bd1 Bd8 39. Kc3 Kc7 40. g4 Be7
41. Be2 Bd5 42. Kc2 Kc6 43. Bb2 b5 44. Bd4 Bc5 45. Bb2 b4 46. Kd2 Bf2 47. Bd1
Kc5 48. Kd3 Bc4+ 49. Ke4 Be1 50. Kf4 Bc3 51. Bxc3 bxc3 52. g5 Bd3 0-1

[Event "Mechanics' Spring TNM; G/2"]
[Site "San Francisco"]
[Date "2015.04.21"]
[Round "6.21"]
[White "LaGrotta, Daniel"]
[Black "Maser, Tom"]
[Result "0-1"]
[WhiteElo "1592"]
[BlackElo "1956"]
[PlyCount "42"]
[EventDate "2015.??.??"]

1. e4 e5 2. Nf3 Nc6 3. Bc4 Nf6 4. Ng5 d5 5. exd5 Na5 6. Bb5+ c6 7. dxc6 bxc6 8.
Qf3 Qb6 9. Ba4 Be7 10. Qe3 Qb4 11. Nc3 O-O 12. O-O h6 13. Nge4 Nd5 14. a3 Qc4
15. d3 Nxe3 16. dxc4 Nxf1 17. Kxf1 Ba6 18. b3 Rad8 19. Be3 f5 20. Nc5 f4 21.
Bc1 Bxc5 0-1

[Event "Mechanics' Spring TNM; G/2"]
[Site "San Francisco"]
[Date "2015.03.24"]
[Round "2.34"]
[White "LaGrotta, Daniel"]
[Black "Rothman, Ivan"]
[Result "1-0"]
[WhiteElo "1592"]
[BlackElo "1397"]
[PlyCount "59"]
[EventDate "2015.??.??"]

1. e4 d6 2. d4 Nf6 3. Nc3 g6 4. f4 Bg7 5. Nf3 O-O 6. Bd3 Na6 7. a3 c5 8. e5
dxe5 9. dxe5 Nd5 10. Nxd5 Qxd5 11. O-O c4 12. Be2 Qxd1 13. Rxd1 b5 14. Be3 Nc7
15. Bc5 Re8 16. a4 Ne6 17. Be3 Bb7 18. axb5 Bxf3 19. gxf3 Bh6 20. Bxc4 Bxf4 21.
Bxf4 Nxf4 22. Rd4 g5 23. Rd7 Rec8 24. b3 e6 25. Raxa7 Rxa7 26. Rxa7 Rd8 27. b6
Nd5 28. b7 Nc7 29. b8=Q Rxb8 30. Rxc7 1-0

[Event "Mechanics' Summer TNM; G/2"]
[Site "San Francisco"]
[Date "2015.06.30"]
[Round "6.34"]
[White "Lagrotta, Daniel"]
[Black "McKellar, Daniel"]
[Result "0-1"]
[WhiteElo "1592"]
[BlackElo "1642"]
[Annotator "Donaldson"]
[PlyCount "70"]
[EventDate "2015.??.??"]

1. e4 c5 2. Nf3 g6 3. d4 cxd4 4. Qxd4 Nf6 5. e5 Nc6 6. Qd1 $2 {Diagram #} Nxe5
7. Nxe5 Qa5+ 8. Nc3 Qxe5+ 9. Be2 Bg7 10. O-O O-O 11. Re1 Qc7 12. Nb5 Qd8 13.
Bf4 d6 14. Bf3 Bd7 15. Nc3 Bc6 16. Nd5 Nxd5 17. Bxd5 Bxb2 18. Rb1 Bf6 19. Bc4
Rc8 20. Qe2 e5 21. Bh6 Bg7 22. Bd2 d5 23. Bb3 Re8 24. Rbd1 b5 25. Bc1 d4 26. c3
Qc7 27. cxd4 exd4 28. Qd3 Qb7 29. f3 a5 30. a3 Bd5 31. Bb2 a4 32. Bc2 Rxe1+ 33.
Rxe1 Qb6 34. h4 Bc4 35. Qe4 d3+ 0-1

[Event "Mechanics' Leighton Allen TNM; G/2"]
[Site "San Francisco"]
[Date "2015.09.22"]
[Round "8.11"]
[White "Lagrotta, Daniel S"]
[Black "Anderson, Michael"]
[Result "0-1"]
[WhiteElo "1665"]
[BlackElo "1943"]
[Annotator "Donaldson"]
[PlyCount "36"]
[EventDate "2015.??.??"]

1. e4 c5 2. Nf3 e6 3. d4 cxd4 4. Nxd4 a6 5. Nc3 b5 6. Be3 Bb7 7. Bd3 d6 8. f3
Nf6 9. Qd2 Nbd7 10. O-O-O Be7 11. g4 Nc5 12. Be2 Qa5 13. Nb3 Nxb3+ 14. axb3 $6
(14. cxb3) 14... Qa1+ 15. Nb1 Rc8 16. Bd3 d5 17. e5 $2 (17. g5 Nd7 18. exd5
Bxd5 19. Be4 $11) 17... Nd7 18. Bf4 $2 {Diagram [#]} (18. Bd4 Nc5 19. Bxc5)
18... Nc5 $1 0-1

[Event "Mechanics' Summer TNM; G/2"]
[Site "San Francisco"]
[Date "2015.06.02"]
[Round "2.35"]
[White "Lagrotta, Daniel S"]
[Black "Brown, Nicholas M"]
[Result "0-1"]
[WhiteElo "1592"]
[BlackElo "1446"]
[Annotator "Donaldson"]
[PlyCount "52"]
[EventDate "2015.??.??"]

1. e4 c5 2. c3 d6 3. d4 Nd7 4. Nf3 cxd4 5. cxd4 e6 6. Bd3 Be7 7. O-O e5 8. Nc3
Ngf6 9. Bg5 O-O 10. d5 Nxd5 11. Bxe7 Nxe7 12. Nb5 Nf6 13. Bc4 Nxe4 14. Qe2 Nf6
15. Rad1 e4 16. Nxd6 exf3 17. gxf3 Nfd5 $2 18. Qe5 $2 (18. Bxd5) 18... Be6 19.
Ne4 Qc7 20. Qd4 Rad8 21. Bb3 Qb6 22. Qe5 Ng6 23. Qg5 Ndf4 24. Qc5 Bxb3 25. axb3
Qxb3 26. Qc3 Ne2+ 0-1

[Event "Mechanics' Leighton Allen TNM; G/2"]
[Site "San Francisco"]
[Date "2015.09.01"]
[Round "5.23"]
[White "Lagrotta, Daniel S"]
[Black "Erdenebileg, Erkhes"]
[Result "1-0"]
[WhiteElo "1665"]
[BlackElo "847"]
[PlyCount "45"]
[EventDate "2015.??.??"]

1. e4 e5 2. Nf3 Nc6 3. Bc4 Bc5 4. b4 Bxb4 5. c3 Bc5 6. d4 exd4 7. O-O dxc3 8.
Bxf7+ Kxf7 9. Qd5+ Ke8 10. Qxc5 d6 11. Qxc3 Nf6 12. Bg5 Rf8 13. Qc4 Qe7 14.
Nbd2 h6 15. Bh4 g5 16. Bg3 g4 17. e5 dxe5 18. Nxe5 Nxe5 19. Bxe5 Qxe5 20. Rfe1
Qxe1+ 21. Rxe1+ Kd8 22. Qc5 Nd7 23. Qe7# 1-0

[Event "Mechanics' Fall TNM; G/2"]
[Site "San Francisco"]
[Date "2015.11.10"]
[Round "4.20"]
[White "Lagrotta, Daniel S"]
[Black "Krasnov, Steven"]
[Result "0-1"]
[WhiteElo "1669"]
[BlackElo "1921"]
[PlyCount "66"]
[EventDate "2015.??.??"]

1. e4 c5 2. Nf3 e6 3. d4 cxd4 4. Nxd4 a6 5. Nc3 Qc7 6. a3 Nf6 7. Bd3 Bc5 8. Nb3
Be7 9. Qe2 d6 10. Be3 Nbd7 11. f4 b5 12. g4 Nc5 13. Nxc5 dxc5 14. g5 Nd7 15.
Qg4 Bb7 16. Rf1 Rc8 17. h4 c4 18. Be2 Bc5 19. Bd2 Bc6 20. h5 Bd4 21. Bf3 a5 22.
Ne2 Bxb2 23. Ra2 c3 24. Nxc3 Bxc3 25. Bxc3 O-O 26. g6 hxg6 27. hxg6 Bxe4 28.
Bxe4 Qxc3+ 29. Kf2 Qd4+ 30. Kf3 Nf6 31. gxf7+ Rxf7 32. Qg6 Nxe4 33. Qxe4 Rc3+
0-1

[Event "Mechanics' Leighton Allen TNM; G/2"]
[Site "San Francisco"]
[Date "2015.09.15"]
[Round "7.10"]
[White "Lagrotta, Daniel S"]
[Black "Maser, Thomas F"]
[Result "0-1"]
[WhiteElo "1665"]
[BlackElo "1941"]
[Annotator "Donaldson"]
[PlyCount "56"]
[EventDate "2015.??.??"]

1. e4 e5 2. Nf3 Nc6 3. Bc4 Nf6 4. Ng5 d5 5. exd5 Na5 6. Bb5+ c6 7. dxc6 bxc6 8.
Qf3 Be7 9. Bxc6+ Nxc6 10. Qxc6+ Bd7 11. Qc4 O-O 12. Qe2 Ng4 13. Ne4 f5 14. h3
Nh6 15. Nc5 Bxc5 16. Qc4+ Rf7 17. Qxc5 Rc8 18. Qa3 f4 19. Nc3 Qg5 20. Kf1 Bc6
21. f3 Nf5 22. Rg1 Nd4 23. Qa6 Re8 24. d3 Qh4 25. Ne4 Bxe4 26. dxe4 Nxc2 27.
Qe2 (27. Rb1 Qe1#) 27... Nxa1 28. b3 Rc8 0-1

[Event "Mechanics' Fall TNM; G/2"]
[Site "San Francisco"]
[Date "2015.12.08"]
[Round "8.31"]
[White "Lagrotta, Daniel S"]
[Black "Sachs-Weintraub, J."]
[Result "1-0"]
[WhiteElo "1669"]
[BlackElo "1321"]
[PlyCount "91"]
[EventDate "2015.??.??"]

1. e4 c5 2. Nf3 Nc6 3. d4 e6 4. d5 exd5 5. exd5 Qe7+ 6. Qe2 Nb4 7. Be3 Nxd5 8.
Nbd2 Nxe3 9. fxe3 Nf6 10. O-O-O Qe6 11. Kb1 g6 12. h3 Bg7 13. Qb5 b6 14. Bc4
Qe7 15. e4 O-O 16. e5 Ne8 17. Rhe1 Nc7 18. Qb3 b5 19. Bf1 c4 20. Qe3 d5 21.
exd6 Qxd6 22. Nxc4 Qb4 23. a3 Qa4 24. b3 Qa6 25. Rd6 Qb7 26. Na5 Qb8 27. Nc6
Qb7 28. Na5 Qb8 29. Nc6 Qb7 30. Nfd4 Bxd4 31. Ne7+ Kg7 32. Qxd4+ f6 33. Nc6 Rf7
34. Nd8 Qb8 35. Nxf7 Ne6 36. Rexe6 Bxe6 37. Rxe6 Kxf7 38. Qxf6+ Kg8 39. Re7 Qf8
40. Qe6+ Kh8 41. Qe5+ Kg8 42. Bxb5 Rc8 43. Bc4+ Rxc4 44. bxc4 Qf1+ 45. Kb2 Qxc4
46. Qg7# 1-0

[Event "Mechanics' Summer TNM; G/2"]
[Site "San Francisco"]
[Date "2015.07.14"]
[Round "8.25"]
[White "Lagrotta, Daniel S"]
[Black "Sorensen, Matthew"]
[Result "1-0"]
[WhiteElo "1592"]
[BlackElo "1497"]
[PlyCount "81"]
[EventDate "2015.??.??"]

1. e4 c5 2. Nc3 Nc6 3. f4 e6 4. Nf3 d6 5. Be2 Be7 6. O-O Nf6 7. d4 cxd4 8. Nxd4
O-O 9. Nxc6 bxc6 10. Be3 Nd7 11. Kh1 d5 12. f5 Bf6 13. fxe6 fxe6 14. Bg4 Ne5
15. Bh3 Nf7 16. Bc5 Be7 17. Bxe7 Qxe7 18. Qe2 a5 19. exd5 Ba6 20. Qxe6 Qxe6 21.
dxe6 Ng5 22. Rxf8+ Rxf8 23. Bg4 Re8 24. Re1 Bc8 25. Ne4 Nxe4 26. Rxe4 g6 27.
Kg1 Kg7 28. Ra4 Bxe6 29. Bxe6 Rxe6 30. Rxa5 Kf6 31. Rc5 Ke7 32. a4 Kd6 33. b4
Re1+ 34. Kf2 Rb1 35. c3 Rb2+ 36. Kf3 Ra2 37. a5 h6 38. h4 Ra3 39. g4 Ra2 40. h5
g5 41. Ke4 1-0

[Event "Mechanics' Leighton Allen TNM; G/2"]
[Site "San Francisco"]
[Date "2015.08.04"]
[Round "1.2"]
[White "Lagrotta, Daniel S"]
[Black "Winslow, Elliott C"]
[Result "0-1"]
[WhiteElo "1665"]
[BlackElo "2328"]
[PlyCount "48"]
[EventDate "2015.??.??"]

1. e4 c5 2. Nf3 e6 3. d4 cxd4 4. Nxd4 a6 5. Nc3 Qc7 6. Be3 Bb4 7. Qd2 Nf6 8. f3
d5 9. exd5 Nxd5 10. Nde2 Nxe3 11. Qxe3 O-O 12. O-O-O Nd7 13. Kb1 Nf6 14. Nf4
Bxc3 15. bxc3 b5 16. g4 Bb7 17. g5 Nd5 18. Nxd5 Bxd5 19. Bd3 Qa5 20. Kc1 Rac8
21. Kd2 Qxc3+ 22. Ke2 Bxa2 23. h4 Bc4 24. h5 {Diagram #} Qxc2+ 0-1

[Event "Mechanics' Spring TNM; G/2"]
[Site "San Francisco"]
[Date "2015.03.17"]
[Round "1.23"]
[White "Lamstein, Joshua"]
[Black "Porlares, Teodoro"]
[Result "0-1"]
[WhiteElo "1413"]
[BlackElo "1847"]
[PlyCount "120"]
[EventDate "2015.??.??"]

1. d4 Nf6 2. c4 g6 3. Bg5 Bg7 4. Nc3 O-O 5. Nf3 b6 6. e4 d6 7. Qd2 Nbd7 8. Bh6
Bb7 9. Bxg7 Kxg7 10. Bd3 e5 11. d5 Nc5 12. Bc2 a5 13. O-O Bc8 14. h3 Nh5 15.
Ne2 f5 16. exf5 gxf5 17. Ng3 Nf4 18. Nd4 Qg5 19. Nf3 Qh6 20. Rad1 Rf6 21. Qc3
Rg6 22. Rfe1 Kg8 23. Nxe5 dxe5 24. Qxe5 Bd7 25. Bxf5 Bxf5 26. Qxf5 Rf8 27. Qc2
Qg5 28. Qc3 Qf6 29. Qxf6 Rgxf6 30. Re7 R6f7 31. Rxf7 Rxf7 32. f3 Re7 33. b3
Ne2+ 34. Kf2 Nf4 35. Ne4 Nd7 36. h4 Kf7 37. g3 Ng6 38. d6 cxd6 39. Nxd6+ Kf6
40. h5 Ngf8 41. g4 Nc5 42. Kg3 Re2 43. f4 Rxa2 44. Nc8 Rb2 45. g5+ Kg7 46. Kg4
Rxb3 47. f5 Rb4 48. f6+ Kf7 49. Kf5 Rb2 50. Rg1 Rf2+ 51. Ke5 Ncd7+ 52. Kd4 a4
53. Nd6+ Kg8 54. Ke3 Rh2 55. h6 Ng6 56. Ke4 a3 57. Kd5 a2 58. Nb5 Rb2 59. Nc3
Rc2 60. Nb5 Kf7 0-1

[Event "Mechanics' Spring TNM; G/2"]
[Site "San Francisco"]
[Date "2015.03.31"]
[Round "3.31"]
[White "Lamstein, Joshua"]
[Black "Sherwood, Peter"]
[Result "1-0"]
[WhiteElo "1413"]
[BlackElo "1669"]
[PlyCount "81"]
[EventDate "2015.??.??"]

1. d4 d5 2. c4 dxc4 3. Nc3 a6 4. a4 Nf6 5. e3 e6 6. Bxc4 c5 7. Nf3 cxd4 8. exd4
Nbd7 9. O-O Nb6 10. Bb3 Be7 11. Ne5 O-O 12. h4 Nfd5 13. h5 f6 14. Ng6 Rf7 15.
Nf4 Nxf4 16. Bxf4 Bd6 17. Be3 Bc7 18. Qd3 Qd6 19. g3 Nd5 20. Ne4 Qe7 21. Bd2
Bd7 22. Rfe1 Nb4 23. Bxb4 Qxb4 24. Nc5 Rd8 25. Nxe6 Re8 26. d5 Bd6 27. Re4 Qb6
28. Kg2 f5 29. Rh4 Be7 30. Rhh1 Qd6 31. h6 g6 32. Rac1 Rc8 33. Rxc8+ Bxc8 34.
Rd1 Bf6 35. Ba2 Bxb2 36. Qc2 Bd7 37. Qxb2 Re7 38. Qxb7 Bxe6 39. Qa8+ Kf7 40.
dxe6+ Rxe6 41. Rxd6 1-0

[Event "Mechanics' Spring TNM; G/2"]
[Site "San Francisco"]
[Date "2015.04.21"]
[Round "6.16"]
[White "Lamstein, Joshua"]
[Black "Shnaiderman, Lazar"]
[Result "0-1"]
[WhiteElo "1413"]
[BlackElo "1846"]
[PlyCount "86"]
[EventDate "2015.??.??"]

1. d4 Nf6 2. c4 e6 3. Nc3 Bb4 4. Bg5 h6 5. Bh4 c5 6. a3 Bxc3+ 7. bxc3 Qa5 8.
Qd3 cxd4 9. Bxf6 gxf6 10. Qxd4 Ke7 11. Nf3 Nc6 12. Qd2 Ne5 13. Nxe5 fxe5 14. g3
d6 15. Bg2 Rb8 16. O-O b6 17. Bc6 Qc5 18. Ba4 Bb7 19. Rfd1 Rbg8 20. Rab1 Bc6
21. Bb5 h5 22. Bxc6 Qxc6 23. h4 Rg4 24. Rb4 Rhg8 25. Qd3 Rxh4 26. Qf3 Qxf3 27.
exf3 Rf4 28. Kg2 Rf5 29. a4 Rc8 30. a5 Rc6 31. axb6 axb6 32. Ra1 d5 33. g4 hxg4
34. fxg4 Rf4 35. cxd5 exd5 36. Re1 Rxb4 37. cxb4 Kd6 38. Kf3 Rc4 39. Rb1 Kc6
40. Re1 e4+ 41. Ke3 Rxb4 42. Kf4 Rb3 43. Rf1 Kd6 0-1

[Event "Mechanics' Winter TNM; 30/90, SD/30"]
[Site "San Francisco"]
[Date "2015.01.06"]
[Round "1.1"]
[White "Lee, Andy"]
[Black "Sadowsky, Jacob"]
[Result "1-0"]
[WhiteElo "2386"]
[BlackElo "1681"]
[PlyCount "65"]
[EventDate "2015.??.??"]

1. d4 d5 2. c4 c6 3. Nf3 Nf6 4. e3 e6 5. Nc3 Be7 6. g4 h6 7. Qc2 Nbd7 8. Rg1
dxc4 9. Bxc4 Nb6 10. Bd3 Nfd7 11. Bd2 Qc7 12. O-O-O a6 13. Kb1 c5 14. Ne4 Qc6
15. dxc5 Nxc5 16. Nxc5 Qxc5 17. Bc3 Bf6 18. Rc1 Bxc3 19. Qxc3 Qxc3 20. Rxc3 Nd5
21. Rb3 b5 22. Ne5 Bb7 23. a4 O-O 24. axb5 a5 25. Nc6 Bxc6 26. bxc6 Nb4 27. Be4
f5 28. gxf5 exf5 29. Bf3 Rac8 30. Rc1 Rfd8 31. c7 Rd7 32. Rbc3 Nd5 33. Rd3 1-0

[Event "Mechanics' Winter TNM; 30/90, SD/30"]
[Site "San Francisco"]
[Date "2015.01.27"]
[Round "4.2"]
[White "Lee, Andy"]
[Black "Stearman, Josiah"]
[Result "1-0"]
[WhiteElo "2386"]
[BlackElo "2195"]
[PlyCount "69"]
[EventDate "2015.??.??"]

1. e4 c5 2. Nf3 Nc6 3. d4 cxd4 4. Nxd4 g6 5. c4 Bg7 6. Nc2 Nf6 7. Nc3 d6 8. Be2
O-O 9. O-O Bd7 10. Be3 Rc8 11. Rc1 Ne8 12. Qd2 Nc7 13. Rfd1 f5 {Diagram [#]}
14. c5 $1 fxe4 15. cxd6 exd6 16. Nxe4 d5 17. Bg5 Qe8 18. Nd6 Qe5 19. Nxc8 Bxc8
20. Bf3 Rf5 21. Bh4 Qxb2 22. Ne3 Qxd2 23. Rxd2 Bh6 24. Nxf5 Bxd2 25. Rxc6 bxc6
26. Ne7+ Kf7 27. Nxc8 Nb5 28. Bg3 a5 29. Nd6+ Ke6 30. Nxb5 cxb5 31. Bg4+ Ke7
32. Be2 b4 33. Bb5 Ke6 34. Kf1 d4 35. Ke2 1-0